000 00422nam a2200145Ia 4500
008 100122s9999 xx 000 0 und d
082 _b10152
_a821
100 _aगाडगीळ न वि
245 _aजपजी साहेब
260 _bअनुसूया गाडगीळ
_c1959
300 _a116
630 _aजपजी साहेब
730 _aजपजी साहेब
942 _cBOOK
999 _c401885
_d401882